000 00777nam a2200193Ii 4500
003 JO-AjNU
008 230605s9999||||xx |||||||||||||| ||und||
040 _aJO-AjNU
_bara
_erda
_cJO-AjNU
041 _aara
050 1 4 _aBP144.G4222 1987
100 3 _aالغزالي، أبي حامد؛ اخراج الاحاديث زين الدين العراقي ؛ تحقيق وتصحيح محمد مصطفى ابو العلا,
_eauthor
_937958
245 0 0 _aالحلال والحرام
264 3 1 _aبيروت: مؤسسة دار الندوة الجديدة للطباعة والنشر والتوزيع، 1987
300 _a142ص
336 _atext
_btxt
_2rdacontent
337 _aunmediated
_bn
_2rdamedia
338 _avolume
_bnc
_2rdacarrier
650 4 _aحلال وحرام
_937959
999 _aA15907
_c19475
_d19475